|
|
|
|
| LEADER |
01208nam a2200289 a 4500 |
| 001 |
33843 |
| 003 |
BD-DhAAL |
| 005 |
20211207114706.0 |
| 008 |
181017t2012 nyua|||| |||| 001 0 eng d |
| 999 |
|
|
|c 40130
|d 40130
|
| 020 |
|
|
|a 9781138494046
|
| 040 |
|
|
|a BD-DhAAL
|
| 082 |
|
|
|a 339
|
| 100 |
|
|
|a Olsson, Ola
|9 28437
|
| 245 |
|
|
|a Essentials of advanced macroeconomics theory /
|c Ola Olsson
|
| 260 |
|
|
|a New York ;
|a London :
|b Taylor and Francis,
|c c 2012
|
| 300 |
|
|
|a xiii, 172 pages :
|b illustrations ;
|c 23 cm.
|
| 500 |
|
|
|a Includes index.
|
| 526 |
|
|
|a ESS
|
| 541 |
|
|
|a STS International
|e 33843, 33844
|
| 650 |
|
|
|a Economics.
|9 28438
|
| 650 |
|
|
|a Macroeconomics.
|9 28439
|
| 650 |
|
|
|a Macroeconomics
|x Mathematical models.
|9 28440
|
| 852 |
|
|
|a Ayesha Abed Library
|c General Stacks
|
| 942 |
|
|
|2 ddc
|c BK
|
| 952 |
|
|
|0 0
|1 0
|2 ddc
|4 0
|6 339_000000000000000_OLS
|7 0
|9 64450
|a BRACUL
|b BRACUL
|c GEN
|d 2018-10-14
|e STS International
|g 1390.00
|l 1
|m 13
|o 339 OLS
|p 3010033844
|r 2024-01-29
|s 2023-09-25
|t 2
|v 1390.00
|w 2018-10-14
|y BK
|
| 952 |
|
|
|0 0
|1 0
|2 ddc
|4 0
|6 339_000000000000000_OLS
|7 0
|9 64451
|a BRACUL
|b BRACUL
|c GEN
|d 2018-10-14
|e STS International
|g 1390.00
|l 4
|m 35
|o 339 OLS
|p 3010033843
|r 2024-01-24
|s 2023-09-25
|t 1
|v 1390.00
|w 2018-10-14
|y BK
|